Countries Closest to Territories #1: Gibraltar - Statistics

General Stats
  • This quiz has been taken 56 times
    47 since last reset
  • The average score is 18 of 20
Answer Stats
Distance (km) Country % Correct
11 Morocco
100%
0 Spain
100%
1,115 Algeria
97%
1,285 France
97%
1,668 Italy
97%
222 Portugal
94%
1,375 Tunisia
94%
1,801 United Kingdom
94%
1,779 Belgium
92%
2,067 Mali
92%
1,739 San Marino
92%
1,661 Vatican City
92%
928 Andorra
89%
1,766 Mauritania
89%
1,634 Switzerland
89%
1,932 Ireland
83%
1,374 Monaco
83%
1,778 Luxembourg
81%
1,769 Malta
78%
1,738 Liechtenstein
72%
No matching quizzes found
Score Distribution
Percent of People with Each Score
Percentile by Number Answered
Your Score History
You have not taken this quiz since the last reset